| 000 | 01074cac a22002651u 4500 | ||
|---|---|---|---|
| 090 | _c3329 | ||
| 008 | 081105t1996 xxu||||| |||| 00| 0 eng d | ||
| 010 | _a 95061062 | ||
| 020 | _a0935702830 (Windows version) | ||
| 082 | 0 | 0 |
_a003 _bF436 |
| 100 | _aFew, Arthur A. | ||
| 245 | 1 | 0 |
_aSystem behavior and system modeling / _cArthur A. Few. |
| 250 | _a3rd ed. | ||
| 260 |
_aSausalito, Calif. : _bUniversity Science Books, _cc1996. |
||
| 300 |
_axi, 100 p. : _bill. ; _c28 cm. + _e3 computer disks (3 1/2 in.) |
||
| 440 | 0 | _aGlobal change instruction program | |
| 500 | _aIncludes index. | ||
| 500 | _aDonations. | ||
| 500 | _aDonations - Bibliotheca Alexandrina. | ||
| 538 | _aSystem requirements for accompanying computer disks: requires a hard disk with at least 5 MB available; Windows 3.1 or higher; 8 MB of RAM; a 486 computer. | ||
| 650 | 0 | _aComputer simulation. | |
| 650 | 0 | _aMathematical models. | |
| 942 |
_cBB _k003F436 _2ddc |
||
| 999 |
_c3329 _d3329 |
||